000
00280nam a2200109Ia 4500
008
200302s9999 xx 000 0 und d
100
_a
Michael Devereau
245
_a
Architects Working Details Revisited
260
_b
The Architectural Press Ltd.
260
_c
1964
300
_a
198 P.,
999
_c
183
_d
183